[Event "Amber Rapidplay"]
[Site "Monaco MNC"]
[Date "2000.03.19"]
[Round "4"]
[White "Gelfand,B"]
[Black "Ivanchuk,V"]
[Result "1/2-1/2"]
[WhiteElo "2692"]
[BlackElo "2709"]

1.Nf3 d5 2.d4 e6 3.c4 dxc4 4.e3 c5 5.Bxc4 Nf6 6.O-O a6 7.a4 Nc6 8.Qe2 cxd4
9.Rd1 Be7 10.exd4 O-O 11.Nc3 Nd5 12.Bb3 Re8 13.Bd2 Bf6 14.Qe4 Ncb4 15.Ne5 b6
16.Qf3 Bb7 17.Ne4 Qe7 18.Rac1 Rac8 19.Qe2 a5 20.Bc4 Nc6 21.Bxd5 exd5 22.Nxf6+ Qxf6
23.Qg4 Nxd4 24.Rxc8 Bxc8 25.Qxd4 Qxe5 26.Qxe5 Rxe5 27.Bc3 Rh5 28.Bd4 Bd7
29.Bxb6 Bxa4 30.Ra1 Rh4 31.Bxa5 f6 32.Bc3 Rc4 33.Rc1 Kf7 34.f3 Ke6 35.Kf2 d4
36.Bd2 Kd5 37.Rxc4 Kxc4 38.b4 Kd3 39.Ke1 Kc2 40.b5 Bxb5 41.g4 Bc6 42.f4 Bf3
43.g5 f5 44.Bb4 h5 45.h4 g6 46.Kf2 Bg4 47.Ba5 Kd3 48.Bb4 Bd1 49.Ba5 Ba4 50.Bb4 Bc6
51.Ba5 Kc2 52.Bb4 Kd1 53.Bc5 d3 54.Bb4  1/2-1/2

[Event "Amber Blindfold"]
[Site "Monaco MNC"]
[Date "2000.03.19"]
[Round "4"]
[White "Ivanchuk,V"]
[Black "Gelfand,B"]
[Result "1/2-1/2"]
[WhiteElo "2709"]
[BlackElo "2692"]

1.e4 c5 2.Nf3 d6 3.d4 cxd4 4.Nxd4 Nf6 5.Nc3 a6 6.Be3 Ng4 7.Bc1 Nf6 8.a4 g6
9.Be2 Bg7 10.O-O Nc6 11.Be3 O-O 12.Qd2 Bd7 13.Rfd1 Rc8 14.f3 Nxd4 15.Bxd4 Be6
16.a5 Bc4 17.Ra4 Bxe2 18.Qxe2 Nd7 19.Bxg7 Kxg7 20.Nd5 Rc6 21.Qd2 Nf6 22.Nxf6 exf6
23.Rd4 Qc7 24.Rc1 b6 25.axb6  1/2-1/2

[Event "Amber Blindfold"]
[Site "Monaco MNC"]
[Date "2000.03.21"]
[Round "5"]
[White "Piket,Je"]
[Black "Ivanchuk,V"]
[Result "1/2-1/2"]
[WhiteElo "2633"]
[BlackElo "2709"]

1.d4 d5 2.c4 dxc4 3.Nf3 c5 4.e3 e6 5.Bxc4 a6 6.O-O Nf6 7.Bb3 Be7 8.Qe2 cxd4
9.exd4 Nc6 10.Rd1 Na5 11.Bc2 b5 12.Nc3 Bb7 13.Bg5 O-O 14.Rac1 Rc8 15.Bxf6 Bxf6
16.Be4 Qc7 17.Bxb7 Nxb7 18.Qe3 Qa5 19.Ne4 Be7 20.Qb3 Rc7 21.d5 exd5 22.Qxd5 Rd8
23.Qb3 Rxd1+ 24.Rxd1 Nc5 25.Nxc5 Rxc5 26.g3 Qc7 27.Qe3  1/2-1/2

[Event "Amber Rapidplay"]
[Site "Monaco MNC"]
[Date "2000.03.21"]
[Round "5"]
[White "Ivanchuk,V"]
[Black "Piket,Je"]
[Result "1/2-1/2"]
[WhiteElo "2709"]
[BlackElo "2633"]

1.Nf3 Nf6 2.c4 e6 3.Nc3 d5 4.d4 dxc4 5.e4 Bb4 6.Bg5 c5 7.Bxc4 cxd4 8.Nxd4 Bxc3+
9.bxc3 Qa5 10.Bb5+ Bd7 11.Bxf6 gxf6 12.Qb3 a6 13.Be2 Nc6 14.O-O Qc7 15.Nf3 O-O
16.Rfd1  1/2-1/2

[Event "Amber Rapidplay"]
[Site "Monaco MNC"]
[Date "2000.03.22"]
[Round "6"]
[White "Ivanchuk,V"]
[Black "Ljubojevic,L"]
[Result "1-0"]
[WhiteElo "2709"]
[BlackElo "2559"]

1.e4 e6 2.d4 d5 3.Nc3 dxe4 4.Nxe4 Nd7 5.g3 Ngf6 6.Nxf6+ Nxf6 7.Bg2 c5 8.Nf3 Qb6
9.O-O Be7 10.dxc5 Bxc5 11.Ne5 O-O 12.Qe2 Rd8 13.c3 h6 14.b4 Be7 15.Nc4 Qb5
16.a4 Qe8 17.Bb2 Nd5 18.Rfe1 Bf6 19.Ne5 Bd7 20.b5 Rab8 21.c4 Ne7 22.Red1 b6
23.a5 Bc8 24.a6 Bd7 25.Rd2 Ng6 26.Rad1 Nxe5 27.Bxe5 Bxe5 28.Qxe5 Rbc8 29.Bb7 Rxc4
30.Bc6 Rc5 31.Rxd7 Rxd7 32.Bxd7 Qd8 33.Qd6 Kh7 34.Bc6 Qf6 35.Qd7 g6 36.Qxa7  1-0

[Event "Amber Blindfold"]
[Site "Monaco MNC"]
[Date "2000.03.26"]
[Round "9"]
[White "Ivanchuk,V"]
[Black "Karpov,An"]
[Result "1-0"]
[WhiteElo "2709"]
[BlackElo "2696"]

1.d4 Nf6 2.c4 e6 3.g3 d5 4.Bg2 dxc4 5.Nf3 a6 6.O-O Nc6 7.Nc3 Rb8 8.e4 Be7
9.d5 Nb4 10.Ne5 exd5 11.exd5 Bf5 12.a3 Nd3 13.Nxc4 Nxc1 14.Rxc1 O-O 15.Qd4 Nd7
16.d6 Bxd6 17.Nxd6 cxd6 18.Qxd6 Qb6 19.Qxb6 Nxb6 20.Rfd1 Be6 21.Nd5 Nxd5
22.Bxd5 Bxd5 23.Rxd5 g6 24.Kg2 Rfc8 25.Rxc8+ Rxc8 26.Rd7 b5 27.Rd6 a5 28.Rd5 b4
29.axb4 axb4 30.Rb5 Rc4 31.Kf3 h5 32.Ke3 Rc2 33.Rxb4 Kg7 34.h4 Kh6 35.Rb6 Kg7
36.b4 Rc3+ 37.Kd4 Rf3 38.Rc6 Rxf2 39.b5 Rb2 40.b6 f6 41.Kc5 g5 42.Kd6 Kg6
43.Kc7 Rb4 44.b7  1-0

[Event "Amber Rapidplay"]
[Site "Monaco MNC"]
[Date "2000.03.26"]
[Round "9"]
[White "Karpov,An"]
[Black "Ivanchuk,V"]
[Result "1/2-1/2"]
[WhiteElo "2696"]
[BlackElo "2709"]

1.d4 Nf6 2.c4 e6 3.Nc3 Bb4 4.Qc2 O-O 5.a3 Bxc3+ 6.Qxc3 b6 7.Bg5 Bb7 8.f3 h6
9.Bh4 d5 10.e3 Nbd7 11.cxd5 Nxd5 12.Bxd8 Nxc3 13.Bh4 Nd5 14.Bf2 Ne7 15.Bb5 c6
16.Ba4 Rfd8 17.Ne2 c5 18.Bxd7 Rxd7 19.dxc5 Rad8 20.O-O Ba6 21.Rfe1 Rd2 22.Nc3 Rxb2
23.cxb6 axb6 24.Na4 Rb3 25.Reb1 Rxb1+ 26.Rxb1 Rd3 27.Nxb6 Rxa3 28.e4 Bd3
29.Rc1 Rb3  1/2-1/2

[Event "Amber Rapidplay"]
[Site "Monaco MNC"]
[Date "2000.03.27"]
[Round "10"]
[White "Ivanchuk,V"]
[Black "Anand,V"]
[Result "1-0"]
[WhiteElo "2709"]
[BlackElo "2769"]

1.e4 c6 2.d4 d5 3.Nd2 dxe4 4.Nxe4 Nd7 5.Bc4 Ngf6 6.Ng5 e6 7.Qe2 Nb6 8.Bb3 h6
9.N5f3 c5 10.Bf4 Nbd5 11.Be5 Qa5+ 12.Nd2 cxd4 13.Nf3 Be7 14.Nxd4 O-O 15.O-O Bd7
16.c3 Qb6 17.Bc2 Rac8 18.N2f3 Rfd8 19.Rad1 Bf8 20.Rfe1 Be8 21.Bb3 a5 22.a3 a4
23.Ba2 Bd7 24.h3 Ne7 25.Bb1 Ne8 26.Bg3 Nf6 27.Ne5 Be8 28.Ba2 Ned5 29.Rd2 g5
30.Ng4 Bg7 31.Nxf6+ Nxf6 32.Be5 Rc5 33.Qf3 Nd5 34.Bxg7 Kxg7 35.h4 Nf4 36.hxg5 hxg5
37.Qe3 Rdc8 38.Bb1 Bc6 39.g3 Rh8 40.Nxc6 Qxc6 41.Be4 Nh3+ 42.Kg2 Qc7 43.Qd4+ Qe5
44.Bf3 Qxd4 45.cxd4 Rb5 46.Bg4 f5 47.Bxh3 g4 48.Bxg4 fxg4 49.Rxe6 Rbh5 50.Re4  1-0

[Event "Amber Rapidplay"]
[Site "Monaco MNC"]
[Date "2000.03.28"]
[Round "11"]
[White "Shirov,A"]
[Black "Ivanchuk,V"]
[Result "1/2-1/2"]
[WhiteElo "2751"]
[BlackElo "2709"]

1.e4 e5 2.Nf3 Nc6 3.Bb5 a6 4.Ba4 d6 5.c3 Bd7 6.d4 Nf6 7.Nbd2 g6 8.O-O Bg7
9.Bxc6 Bxc6 10.dxe5 dxe5 11.Nxe5 Bxe4 12.Nxe4 Qxd1 13.Nxf6+ Bxf6 14.Rxd1 Bxe5
15.Bh6 Bd6 16.Bg7 Rg8 17.Bf6 Kd7 18.Be5 Rge8 19.Bxd6 cxd6 20.Kf1 Re5 21.Rd4 Rae8
22.Rad1 R8e6 23.g3 h5 24.h4  1/2-1/2

[Event "Leonid Stein Mem"]
[Site "Lviv UKR"]
[Date "2000.05.12"]
[Round "1"]
[White "Ivanchuk,V"]
[Black "Beliavsky,A"]
[Result "1-0"]
[WhiteElo "2709"]
[BlackElo "2640"]

1.e4 e5 2.Nf3 Nc6 3.Bb5 a6 4.Ba4 Nf6 5.O-O Be7 6.Re1 b5 7.Bb3 d6 8.c3 O-O
9.h3 Re8 10.d4 Bb7 11.Nbd2 Bf8 12.a4 Na5 13.Ba2 c5 14.b4 cxd4 15.cxd4 Nc6
16.Qb3 Qc7 17.d5 Ne7 18.Bb1 bxa4 19.Qxa4 Reb8 20.Qa5 Ne8 21.Qxc7 Nxc7 22.Nc4 Rd8
23.Be3 Nb5 24.Nfd2 Rab8 25.Bd3 f5 26.f3 fxe4 27.fxe4 Nd4 28.Bxd4 exd4 29.Nf3 g6
30.Rab1 Bg7 31.Ng5 Bc8 32.Rf1 Rd7 33.Ne6 h6 34.Rf3 g5 35.Rbf1 Ng6 36.e5 Nf4
37.Nxf4 gxf4 38.e6 Rd8 39.Rxf4 Bb7 40.Rg4 Rf8 41.Rxf8+  1-0

[Event "Leonid Stein Mem"]
[Site "Lviv UKR"]
[Date "2000.05.16"]
[Round "5"]
[White "Korchnoi,V"]
[Black "Ivanchuk,V"]
[Result "0-1"]
[WhiteElo "2659"]
[BlackElo "2709"]

1.d4 Nf6 2.c4 e6 3.Nf3 d5 4.Nc3 dxc4 5.Qa4+ c6 6.Qxc4 b5 7.Qd3 Nbd7 8.e4 b4
9.Na4 Qa5 10.b3 c5 11.Bg5 Bb7 12.Bxf6 gxf6 13.d5 O-O-O 14.Be2 f5 15.exf5 Nb6
16.Nxb6+ Qxb6 17.O-O Rxd5 18.Qe3 Rxf5 19.Ne5 Rg8 20.g3 Bg7  0-1

[Event "Leonid Stein Mem"]
[Site "Lviv UKR"]
[Date "2000.05.19"]
[Round "7"]
[White "Ivanchuk,V"]
[Black "Gelfand,B"]
[Result "1/2-1/2"]
[WhiteElo "2709"]
[BlackElo "2692"]

1.e4 e5 2.Nf3 Nf6 3.Nxe5 d6 4.Nf3 Nxe4 5.d4 d5 6.Bd3 Bd6 7.O-O O-O 8.c4 c6
9.Re1 Bf5 10.Nc3 Nxc3 11.bxc3 Bxd3 12.Qxd3 dxc4 13.Qxc4 Nd7 14.Bg5 Qc7 15.Be7 Nb6
16.Bxd6 Qxd6 17.Qb3 Rae8 18.c4 Qc7 19.a4 Nd7 20.Rab1 b6 21.g3 Qd8 22.a5 Qf6
23.axb6 axb6 24.Kg2 Qf5 25.Qb4 Re6 26.Rb3 Rxe1 27.Qxe1 Qe6 28.Qxe6 fxe6 29.Ng5 e5
30.dxe5 Nxe5 31.Rxb6 h6 32.Ne4 Nxc4 33.Rxc6 Ne5 34.Rc7 Rf7 35.Rc3 Ng4 36.h3 Nf6
37.Nd6 Rd7 38.Rc6 Kh7 39.h4 Re7 40.Rc2 Rd7 41.Nf5 Kg6 42.Ne3 h5 43.Nc4 Re7
44.Nd2 Rd7 45.Nf3 Ra7 46.Ng5 Rb7 47.Nh3 Ra7 48.Nf4+ Kh6 49.Rb2 Rd7 50.Ra2 Rb7
51.f3 Rc7 52.Ra8 Rc2+ 53.Kf1 Kh7 54.Ra5 Kh6 55.Ra8 Kh7 56.Ra7 Kh6 57.Ra6 Rb2
58.Ra8 Kh7 59.Ra5 Rb3 60.Ke2 Rb2+ 61.Ke3 Rb3+ 62.Nd3 Rb7 63.Nc5 Re7+ 64.Ne4 Kg6
65.Kf4 Rb7 66.Rg5+ Kh6 67.Nd6 Ra7 68.Rc5 Ra4+ 69.Rc4 Nd5+ 70.Ke5 Rxc4 71.Nxc4 Nc3
72.Ne3 Ne2 73.Nf5+ Kh7 74.Ke4 g6 75.Ke3 Nc3 76.Kd3 Nb5 77.Ne3 Kg7 78.Kc4 Nc7
79.Nd5 Ne6 80.Nf4 Nd8 81.Kc5 Nf7 82.Kd5 Kf6 83.Nd3 Nh6 84.Nc5 Nf5 85.Ne4+ Kg7
86.Ke5 Ne3 87.Nd6 Nf1 88.Kf4 Nd2 89.Ke3 Nb3  1/2-1/2

[Event "Leonid Stein Mem"]
[Site "Lviv UKR"]
[Date "2000.05.21"]
[Round "9"]
[White "Ivanchuk,V"]
[Black "Korchnoi,V"]
[Result "1-0"]
[WhiteElo "2709"]
[BlackElo "2659"]

1.e4 e6 2.d4 d5 3.Nd2 c5 4.exd5 exd5 5.Ngf3 a6 6.Be2 Nc6 7.O-O cxd4 8.Re1 Be7
9.Nb3 Nf6 10.Nfxd4 O-O 11.Bf4 Bd6 12.Bxd6 Qxd6 13.c3 Re8 14.Qc2 Bg4 15.Bxg4 Nxg4
16.Nf3 Nce5 17.Nbd4 Nxf3+ 18.Nxf3 Qc5 19.h3 Nf6 20.Qb3 b6 21.Rad1 Re4 22.Nd2 Rxe1+
23.Rxe1 a5 24.a3 h6 25.Nf3 Re8 26.Rxe8+ Nxe8 27.Ne5 Nf6 28.Qa4 Kh7 29.Nc6 g6
30.Ne5 Kg7 31.Qf4 g5 32.Qd2 Ne4 33.Qe2 Qd6 34.Ng4 Qe6 35.Qd3 h5 36.Qd4+ Kg8
37.Ne3 Nf6 38.f3 Kf8 39.Kf2 Ke8 40.b4 axb4 41.cxb4 Kd7 42.a4 Kc8 43.Ke2 h4
44.Kd2 Kb7 45.Kd3 Ka6 46.Kc3 Qc6+ 47.Kb3 Qe6 48.Kb2 Kb7 49.Ka3 Qd6 50.Kb3 Qe6
51.a5 bxa5 52.bxa5 Ka6 53.Kb4 Qd6+ 54.Qc5 Qb8+ 55.Kc3 Qb1 56.Nc2  1-0

[Event "Simul"]
[Site "Frankfurt GER"]
[Date "2000.06.20"]
[Round "?"]
[White "Ivanchuk,V"]
[Black "Armbruster,A"]
[Result "0-1"]
[WhiteElo "2709"]
[BlackElo "2212"]

1.d4 Nf6 2.c4 e6 3.Nc3 d5 4.Bg5 c6 5.e3 Nbd7 6.Bd3 dxc4 7.Bxc4 b5 8.Bd3 Bb7
9.Nf3 Be7 10.O-O a6 11.a4 O-O 12.Rc1 Re8 13.Qc2 h6 14.Bh4 Rc8 15.Rfd1 Qa5
16.Ra1 b4 17.Ne4 c5 18.Nxc5 Nxc5 19.dxc5 Rxc5 20.Qe2 e5 21.Nd2 Qb6 22.e4 Rd8
23.Nc4 Qe6 24.Ne3 a5 25.f3 Rcc8 26.Bc4 Qb6 27.Bf2 Bc5 28.Bb5 Bc6 29.Rxd8+ Qxd8
30.Rd1 Qb6 31.Bxc6 Qxc6 32.b3 Qe6 33.Nc4 Nh5 34.g3 g6 35.Rd5 Bxf2+ 36.Qxf2 Nf6
37.Rxa5 Qd7 38.Qc2 Qd4+ 39.Kg2 Qc3 40.Qd1 Rxc4 41.bxc4 b3 42.Ra8+ Kg7 43.Qd8 g5
44.Qf8+ Kg6 45.Ra7 Qc2+ 46.Kh3 Qxc4 47.Kg2 Qe2+ 48.Kg1 Qe3+  0-1

[Event "Simul"]
[Site "Frankfurt GER"]
[Date "2000.06.20"]
[Round "?"]
[White "Ivanchuk,V"]
[Black "Braun,C"]
[Result "1/2-1/2"]
[WhiteElo "2709"]
[BlackElo "2182"]

1.Nf3 f5 2.g3 Nf6 3.Bg2 g6 4.b3 Bg7 5.Bb2 O-O 6.O-O d6 7.d4 Qe8 8.c4 c6 9.Nbd2 h6
10.Qc2 Na6 11.Rae1 g5 12.a3 Qg6 13.b4 Nc7 14.e3 Bd7 15.Re2 Rf7 16.Rfe1 Raf8
17.h3 Qh5 18.Nh2 g4 19.h4 Nfe8 20.c5 d5 21.Nb3 Ne6 22.Nc1 Nf6 23.Nd3 Ne4
24.Nf1 a6 25.Nd2 Bf6 26.Nf4 Nxf4 27.exf4 Kh8 28.Nb3 e6 29.Nc1 Rg7 30.Nd3 Rgg8
31.Ne5 Be8 32.Bc1 Bxh4 33.gxh4 Qxh4 34.Be3 Bh5 35.Kf1 Qh2 36.a4 Be8 37.Rd2 h5
38.Bxe4 fxe4 39.Ke2 g3 40.Kd1 g2 41.f3 h4 42.fxe4 Bh5+ 43.Kc1 h3 44.exd5 exd5
45.f5 Qg3 46.Bf2 Qf4 47.Nd3 Qxf5 48.Bg1 Rg3 49.Nf2 Qf4 50.Kb2 Bg6 51.Qd1 Rf3
52.Nxh3 Rxh3 53.Rxg2 Be4  1/2-1/2

[Event "Simul"]
[Site "Frankfurt GER"]
[Date "2000.06.20"]
[Round "?"]
[White "Ivanchuk,V"]
[Black "Heck,N"]
[Result "1/2-1/2"]
[WhiteElo "2709"]
[BlackElo "2315"]

1.e4 g6 2.d4 Bg7 3.c4 d6 4.Nc3 Nf6 5.Be2 O-O 6.Bg5 Na6 7.h4 h6 8.Be3 e5 9.d5 Nc5
10.Qc2 a5 11.h5 g5 12.f3 Bd7 13.g4 c6 14.Nh3 cxd5 15.cxd5 Qb8 16.a4 Rc8 17.Nf2 Nxa4
18.Rxa4 b5 19.Ra1 b4 20.O-O Ne8 21.Rfc1 Bf6 22.Qd2 bxc3 23.bxc3 Qc7 24.c4 a4
25.Nd3 Be7 26.c5 dxc5 27.Nxc5 Bxc5 28.Rxc5 Qd8 29.d6 Rxc5 30.Bxc5 Ng7 31.Be3 Ne6
32.Bc4 Nf4 33.Bd5 Nxd5 34.Qxd5 Ra5 35.Qb7 Rb5 36.Qc7 Qxc7 37.dxc7 Rb7  1/2-1/2

[Event "Simul"]
[Site "Frankfurt GER"]
[Date "2000.06.20"]
[Round "?"]
[White "Rutkowski,I"]
[Black "Ivanchuk,V"]
[Result "1/2-1/2"]
[WhiteElo "2211"]
[BlackElo "2709"]

1.e4 d6 2.Nf3 Nf6 3.Nc3 c5 4.d4 cxd4 5.Nxd4 Nc6 6.Bc4 Qb6 7.Nb3 e6 8.Qe2 a6
9.a4 Qc7 10.f4 Be7 11.a5 O-O 12.Be3 Bd7 13.Bb6 Qb8 14.O-O Rc8 15.Be3 Nb4
16.Bd3 Be8 17.Rfd1 d5 18.e5 Nd7 19.Bd4 Nc5 20.Nxc5 Bxc5 21.Qf2 Qa7 22.Ne2 Bb5
23.Bxb5 axb5 24.Bxc5 Qxc5 25.Qxc5 Rxc5 26.Nd4 Nxc2 27.Rdc1 Rac8 28.a6 bxa6
29.Rxa6 h5 30.Nf3 Nb4 31.Rxc5 Rxc5 32.Rb6 Nd3 33.g3 Nxb2 34.Ng5 Rc8 35.Rxb5 Nc4
36.Rb7 Rf8 37.Kf2 Nd2 38.Rb2 Nc4 39.Rb7  1/2-1/2

[Event "GM"]
[Site "Montecatini Terme ITA"]
[Date "2000.07.30"]
[Round "3"]
[White "Ivanchuk,V"]
[Black "Shirov,A"]
[Result "1/2-1/2"]
[WhiteElo "2719"]
[BlackElo "2746"]

1.d4 d5 2.c4 c6 3.Nf3 Nf6 4.e3 e6 5.Bd3 Nbd7 6.O-O Bd6 7.Nc3 O-O 8.e4 dxc4
9.Bxc4 e5 10.Be3 Qe7 11.Bb3 exd4 12.Bxd4 Ne5 13.Nxe5 Bxe5 14.Bxe5 Qxe5 15.f4 Qc5+
16.Kh1 Be6 17.Bxe6 fxe6 18.Qb3 Rae8 19.e5 Ng4 20.g3 Re7 21.Rae1 Qb6 22.Qa3 Rd7
23.Ne4 Rd4 24.Qe7 c5 25.Nd6 Qc6+ 26.Kg1 Qd5 27.Qxb7 Qxb7 28.Nxb7 Rb8 29.Nxc5 Rxb2
30.Rd1 Rc4 31.Rc1 Rd4 32.Nxe6 Rdd2 33.Rc8+ Kf7 34.Ng5+ Ke7 35.Rc7+ Ke8 36.Nf3 Rg2+
37.Kh1 Nxh2 38.Nh4 Nxf1 39.Nxg2 Nxg3+ 40.Kg1 Ne2+ 41.Kf1 Ng3+ 42.Kg1  1/2-1/2

[Event "FIDE World Cup Gp B"]
[Site "Shenyang CHN"]
[Date "2000.08.02"]
[Round "2"]
[White "Ye Jiangchuan"]
[Black "Ivanchuk,V"]
[Result "1/2-1/2"]
[WhiteElo "2670"]
[BlackElo "2719"]

1.e4 e5 2.Nf3 Nc6 3.Bb5 Nf6 4.O-O Nxe4 5.Re1 Nd6 6.Nxe5 Be7 7.Ba4 Nxe5 8.Rxe5 O-O
9.d4 Nc4 10.Re1 d5 11.Nd2 Nb6 12.Bb3 Bd6 13.Qh5 Re8 14.Nf3 Rxe1+ 15.Nxe1 c6
16.c3 g6 17.Qf3 Bf5 18.Bf4 Nc8 19.Qg3 Bxf4 20.Qxf4 Qd6 21.Qxd6 Nxd6 22.f3 h5
23.Kf2 a5 24.Rc1  1/2-1/2

[Event "FIDE World Cup Gp B"]
[Site "Shenyang CHN"]
[Date "2000.08.04"]
[Round "4"]
[White "Gurevich,M"]
[Black "Ivanchuk,V"]
[Result "1/2-1/2"]
[WhiteElo "2667"]
[BlackElo "2719"]

1.c4 e6 2.d4 Nf6 3.Nc3 Bb4 4.Qc2 O-O 5.a3 Bxc3+ 6.Qxc3 b6 7.Bg5 Bb7 8.f3 h6
9.Bh4 d5 10.e3 Nbd7 11.cxd5 Nxd5 12.Bxd8 Nxc3 13.Bh4 Nd5 14.Bf2 Ne7 15.O-O-O Rfd8
16.Bd3 c5 17.Ne2 cxd4 18.Nxd4 Nc5 19.Bc2 e5 20.Nb5 Nd5 21.b4 Ne6 22.e4 Ndf4
23.Rxd8+ Rxd8 24.Rd1 Ne2+ 25.Kb2 N2d4 26.Nxd4 Nxd4 27.Bb1 Kf8 28.f4 Ke8 29.fxe5 Ne6
30.Rxd8+ Kxd8 31.Kc3 Nf4 32.a4 Nxg2 33.a5 bxa5 34.bxa5 a6 35.e6 fxe6 36.Kd4 g5
37.Ke5 Ke7 38.Bc5+ Kd7 39.Bf8 Nh4 40.Kf6 Nf3 41.Bxh6 Nxh2 42.Kxg5 Nf3+ 43.Kf6 Nh2
44.Bc1 Ng4+ 45.Kg5 Nf2 46.e5 Be4 47.Ba2 Nd3 48.Ba3 Nxe5 49.Kf4 Bd5 50.Bxd5 Ng6+
51.Ke4  1/2-1/2

[Event "FIDE World Cup Gp B"]
[Site "Shenyang CHN"]
[Date "2000.09.01"]
[Round "1"]
[White "Ivanchuk,V"]
[Black "Short,N"]
[Result "1/2-1/2"]
[WhiteElo "2719"]
[BlackElo "2677"]

1.d4 Nf6 2.c4 e6 3.Nc3 Bb4 4.Qc2 d5 5.cxd5 Qxd5 6.e3 O-O 7.Bd2 Bxc3 8.Bxc3 b6
9.Be2 Nc6 10.Nf3 a5 11.O-O Ba6 12.Bxa6 Rxa6 13.Rfd1 Ra7 14.Nd2 Nb4 15.Qb1 Qb5
16.e4 a4 17.Nf3 Re8 18.h3 c5 19.dxc5 bxc5 20.Bxf6 gxf6 21.Qc1 Nd3 22.Qc3 c4
23.Rd2 Kg7 24.Rad1 Rb7 25.Ne1 Nf4 26.h4 Ng6 27.g3 Reb8 28.f4 Qh5 29.Rc1 e5
30.Ng2 exf4 31.Rf1 Qe5 32.gxf4 Qxe4 33.h5 Ne7 34.Ne3  1/2-1/2

[Event "XVI ECC"]
[Site "Neum BIH"]
[Date "2000.09.29"]
[Round "6"]
[White "Ivanchuk,V"]
[Black "Rublevsky,S"]
[Result "0-1"]
[WhiteElo "2719"]
[BlackElo "2670"]

1.e4 c5 2.Nf3 e6 3.d4 cxd4 4.Nxd4 a6 5.Be2 Nf6 6.Nc3 Qc7 7.O-O d6 8.a4 Be7
9.a5 O-O 10.Be3 Nbd7 11.g4 h6 12.f4 d5 13.exd5 Nxd5 14.Nxd5 exd5 15.Nf5 Nf6
16.Nxe7+ Qxe7 17.Ra3 Be6 18.Bf3 Rfe8 19.Bd4 Ne4 20.Re3 f5 21.c4 Rad8 22.cxd5 Bxd5
23.gxf5 Qf7 24.Rfe1 Qxf5 25.Qc2 Bc6 26.Bxe4 Rxe4 27.Rxe4 Qg6+ 28.Kf2 Rxd4
29.Qxc6 Qxc6 30.Rxd4 Qc5 31.Re4 Qxa5 32.b4 Qa3 33.Kg2 Qc3 34.Rd8+ Kh7 35.Rdd4 b6
36.f5 a5 37.bxa5 bxa5 38.Ra4 Qc5 39.Rf4 Qd5+ 40.Kg3 Qd3+ 41.Kg2 Qe3 42.Rf2 Qg5+
43.Kf1 Qc1+  0-1

[Event "34th Olympiad"]
[Site "Istanbul TUR"]
[Date "2000.10.30"]
[Round "3"]
[White "Marin,M"]
[Black "Ivanchuk,V"]
[Result "1/2-1/2"]
[WhiteElo "2557"]
[BlackElo "2719"]

1.c4 e6 2.g3 d5 3.Bg2 dxc4 4.Qa4+ Nd7 5.Na3 Rb8 6.Qxa7 b5 7.Bc6 Rb6 8.Bxb5 Bxa3
9.Bxd7+ Qxd7 10.Qxa3 Ne7 11.Nf3 Bb7 12.O-O O-O 13.b4 cxb3 14.axb3 Bxf3 15.exf3 Rfb8
16.Qa4 Nc6 17.Bb2 Rb4 18.Qa6 Rxb3 19.Bc3 R3b5 20.Qa4 Ne7 21.Qg4 Nf5  1/2-1/2

[Event "34th Olympiad"]
[Site "Istanbul TUR"]
[Date "2000.10.31"]
[Round "4"]
[White "Ivanchuk,V"]
[Black "Rogers,I"]
[Result "1-0"]
[WhiteElo "2719"]
[BlackElo "2558"]

1.e4 e6 2.Qe2 Nc6 3.Nf3 e5 4.c3 d6 5.d4 g6 6.dxe5 dxe5 7.Qc2 Bg7 8.Bg5 Nge7
9.Nbd2 O-O 10.Bc4 Qe8 11.h4 Kh8 12.Be3 f6 13.a3 b6 14.Ba2 Bd7 15.Nc4 Rd8
16.O-O-O Be6 17.Rxd8 Nxd8 18.Bb3 Ng8 19.Ncd2 Bh6 20.Bxh6 Nxh6 21.Ne1 Rf7
22.Nd3 Rd7 23.f3 Bxb3 24.Nxb3 Qe6 25.Ndc5 bxc5 26.Nxc5 Qe7 27.Nxd7 Qxd7 28.Rd1 Qe7
29.Qa4 Nhf7 30.Qxa7 f5 31.exf5 gxf5 32.g4 fxg4 33.fxg4 Ne6 34.g5 Nf4 35.a4 e4
36.Qd4+ Kg8 37.Qf6 Nd3+ 38.Kb1 Qxf6 39.gxf6 Nd6 40.a5 Kf7 41.a6 Nc8 42.Rg1 Kxf6
43.Rg8 e3 44.Rf8+ Ke7 45.Rf3 Nc5 46.Rxe3+ Kd7 47.Re5 Nxa6 48.Rh5 Nd6 49.Kc2 Ke6
50.Rxh7 Nf7 51.Rg7 Kf6 52.Rg8 Nc5 53.b4 Ne6 54.Kb3 Nh6 55.Rg1 Nf5 56.Rg4 Ne3
57.Re4 Ng2 58.Rg4 Ne3 59.Rg8 Nf5 60.h5 Nf4 61.Rc8 Nxh5 62.Rxc7 Nf4 63.Rd7 Ke6
64.Rd2 Nd6 65.c4 Ke5 66.Rd1 Ne4 67.Rd8 Ne6 68.Rd5+ Kf6 69.c5 Nf4 70.Rd4 Ke5
71.Kc4 Nf6 72.b5 N6d5 73.Rxf4  1-0

[Event "34th Olympiad"]
[Site "Istanbul TUR"]
[Date "2000.11.02"]
[Round "6"]
[White "Ivanchuk,V"]
[Black "Ftacnik,L"]
[Result "1/2-1/2"]
[WhiteElo "2719"]
[BlackElo "2608"]

1.d4 Nf6 2.c4 g6 3.Nc3 d5 4.Qb3 dxc4 5.Qxc4 Bg7 6.e4 O-O 7.Be2 Nfd7 8.Nf3 Nb6
9.Qc5 Bg4 10.Be3 Bxf3 11.gxf3 e5 12.d5 N8d7 13.Qa5 c6 14.O-O-O Qh4 15.Kb1 Rfd8
16.Rc1 Bh6 17.Bxh6 Qxh6 18.dxc6 bxc6 19.Nd1 c5 20.h4 Qf4 21.Ne3 Nf8 22.Qxc5 Ne6
23.Ng2 Nxc5 24.Nxf4 Rac8 25.Nd5  1/2-1/2

[Event "34th Olympiad"]
[Site "Istanbul TUR"]
[Date "2000.11.09"]
[Round "12"]
[White "Ivanchuk,V"]
[Black "Van Wely,L"]
[Result "1/2-1/2"]
[WhiteElo "2719"]
[BlackElo "2643"]

1.e4 c5 2.Nf3 d6 3.d4 cxd4 4.Nxd4 Nf6 5.Nc3 a6 6.Be2 e6 7.a4 Nc6 8.O-O Be7
9.f4 O-O 10.Kh1 Qc7 11.Be3 Re8 12.Bf3 Bd7 13.Nb3 b6 14.Rf2 Rab8 15.g4 Bc8
16.g5 Nd7 17.Bg2 Na5 18.Nd2 Bb7 19.Qh5 Bf8 20.Qh3 Nc4 21.Nxc4 Qxc4 22.f5 exf5
23.exf5 Bxg2+ 24.Rxg2 Re5 25.Rd1 Rbe8 26.Bd4 Re1+ 27.Rg1 Rxg1+ 28.Kxg1 Ne5
29.Qg2 b5 30.axb5 axb5 31.Nd5 Qc8 32.f6 g6 33.b3 Nc6 34.Bb2 Nb4 35.Nxb4 Qc5+
36.Rd4 Re1+ 37.Kf2 Rb1 38.Nd3 Qxc2+ 39.Kg3 Qxb3 40.Kf4 Qe6 41.Re4 Qd5 42.Ke3 Rd1
43.Bd4 h6 44.h4 hxg5 45.hxg5 b4 46.Qg4 Qb3 47.Qe2 Rh1 48.Re8 Rh3+ 49.Kd2 Qa2+
50.Bb2 Qd5 51.Qe4 Qxg5+ 52.Kc2 Qb5 53.Nc1  1/2-1/2

[Event "Polish Supercup"]
[Site "Warsaw POL"]
[Date "2001.06.24"]
[Round "2"]
[White "Grabarczyk,M"]
[Black "Ivanchuk,V"]
[Result "1/2-1/2"]
[WhiteElo "2506"]
[BlackElo "2731"]

1.d4 d5 2.c4 c6 3.Nf3 Nf6 4.Qc2 dxc4 5.Qxc4 Bf5 6.g3 e6 7.Bg2 Be7 8.O-O O-O
9.Nc3 Nbd7 10.Re1 Ne4 11.Qb3 Qb6 12.Nh4 Bxh4 13.gxh4 Nef6 14.e4 Bg6 15.Qxb6 axb6
16.Bf4  1/2-1/2

[Event "ECC"]
[Site "Panormo GRE"]
[Date "2001.09.24"]
[Round "2"]
[White "Avrukh,B"]
[Black "Ivanchuk,V"]
[Result "1/2-1/2"]
[WhiteElo "2598"]
[BlackElo "2731"]

1.d4 Nf6 2.c4 e6 3.Nf3 d5 4.Nc3 Nbd7 5.cxd5 exd5 6.Qc2 c6 7.Bf4 Nh5 8.Bg5 Be7
9.Bxe7 Qxe7 10.e3 g6 11.h3 Nb6 12.g4 Nf6 13.Bd3 Be6 14.O-O-O O-O-O 15.Kb1 Kb8
16.Rc1 Nfd7 17.Ne2 Qf6 18.Rhg1 h5 19.Nf4 hxg4 20.hxg4 g5 21.Nxe6 fxe6 22.Rg3 Rdf8
23.Qd2 e5 24.e4 Qf4 25.Qe3 exd4 26.Qxd4 Nf6 27.exd5 Nbxd5 28.Qe5+ Qxe5 29.Nxe5 Nf4
30.Bc4 Rh7 31.Re1 Re8 32.Rge3 Kc7  1/2-1/2

[Event "ECC"]
[Site "Panormo GRE"]
[Date "2001.09.26"]
[Round "4"]
[White "Hickl,J"]
[Black "Ivanchuk,V"]
[Result "1/2-1/2"]
[WhiteElo "2600"]
[BlackElo "2731"]

1.g3 Nf6 2.Bg2 e6 3.Nf3 b6 4.c4 Bb7 5.O-O c5 6.b3 Be7 7.Bb2 O-O 8.e3 d6 9.Nc3 Nbd7
10.Qe2 a6 11.Rfd1 Qc7 12.d3 Rfe8 13.Rac1 Rac8 14.Ne1 Bf8 15.Bxb7 Qxb7 16.Qf3 Qb8
17.Qg2 b5 18.g4 Red8 19.Nf3 g6  1/2-1/2

[Event "ECC"]
[Site "Panormo GRE"]
[Date "2001.09.28"]
[Round "6"]
[White "Kantsler,B"]
[Black "Ivanchuk,V"]
[Result "1/2-1/2"]
[WhiteElo "2524"]
[BlackElo "2731"]

1.d4 Nf6 2.c4 g6 3.Nc3 d5 4.Nf3 Bg7 5.Qb3 dxc4 6.Qxc4 O-O 7.e4 Bg4 8.Ne5 Be6
9.d5 Bc8 10.Be2 e6 11.O-O exd5 12.exd5 Ne8 13.Bf4 Nd6 14.Qd3 Re8 15.Nc4 Na6
16.Nxd6 cxd6 17.Rfe1 Bf5 18.Qd2 Nc5 19.Bb5 Rxe1+ 20.Rxe1 Qb6 21.Be3 a6 22.Bf1 Bd7
23.Rc1 Re8 24.Nd1 h5 25.Rc4 a5 26.Nc3 Qd8 27.Bxc5 b5 28.Re4 dxc5 29.Rxe8+ Qxe8
30.d6 Bd4 31.Nd5 Qe6 32.Nb6 Bc6 33.d7 Qf6 34.a4 bxa4 35.Bc4 Kg7 36.Kf1 Qd8
37.Qf4 Bf6 38.Nd5 Bxd7 39.Qxf6+ Qxf6 40.Nxf6 Kxf6 41.Ke2 g5 42.Ke3 Ke7 43.g3 h4
44.f4 f6 45.gxh4 gxh4 46.Kd3 Kd6 47.Kc3 Be6 48.Bb5 Bb3 49.Ba6 Kc7 50.Bb5 Kd6
51.Ba6 Ke7 52.Bd3 Ke6 53.Be4 Bd5 54.Bc2 Bc6 55.Kc4 Kd6 56.Bd1 Bd5+ 57.Kc3 Bc6
58.Kc4 Bg2 59.Be2 Bh3 60.Kc3 Ke6 61.Ba6 Bg2 62.Bc8+ Kd6 63.Ba6 Bh3 64.Be2 Kd5
65.Bf3+ Ke6 66.Bb7 Ke7 67.Ba6 Kf7 68.Bd3 Be6 69.Bc2 Bb3 70.Bf5 Kg7 71.Bc8 Kg6
72.Bg4  1/2-1/2

[Event "Amber Rapidplay"]
[Site "Monaco MNC"]
[Date "2002.03.17"]
[Round "2"]
[White "Shirov,A"]
[Black "Ivanchuk,V"]
[Result "1/2-1/2"]
[WhiteElo "2715"]
[BlackElo "2717"]

1.e4 e5 2.Nf3 Nf6 3.Nxe5 d6 4.Nf3 Nxe4 5.d4 d5 6.Bd3 Bf5 7.O-O Be7 8.Re1 Nc6
9.c4 O-O 10.cxd5 Qxd5 11.Qc2 Nb4 12.Bxe4 Nxc2 13.Bxd5 Rae8 14.Bxb7 Bb4 15.Rxe8 Rxe8
16.Bc6 Rb8 17.g4 Bg6 18.a3 Nxa1 19.axb4 Bxb1 20.Bd2 Ba2 21.b5 Bc4 22.Ne5 Bxb5
23.Nd7 Bxc6 24.Nxb8 Bf3 25.h3 Nb3 26.Be3 a5 27.Na6 c6 28.Nc5  1/2-1/2